LEADER 00879nam0-22002891i-450- 001 990000879220403321 005 20040618115221.0 035 $a000087922 035 $aFED01000087922 035 $a(Aleph)000087922FED01 035 $a000087922 100 $a20020821d1984----km-y0itay50------ba 101 0 $aeng 105 $ay-------001yy 200 1 $a12th congress IABSE AIPC IVBH Vancouver sep. 3-7, 1984$fIABSE AIPC IVBH 210 $aVancouver$cCanada AIPC Sep.$d1984 215 $a1239 p.$cill.$d24 cm 610 0 $aDinamica 610 0 $aSismica 710 02$aInternational association for bridge and structural engineering$024566 801 0$aIT$bUNINA$gRICA$2UNIMARC 901 $aBK 912 $a990000879220403321 952 $a03 D.0,185$b4111$fIINTC 959 $aIINTC 996 $a12th congress IABSE AIPC IVBH Vancouver sep. 3-7, 1984$9355748 997 $aUNINA LEADER 01870nam0 2200361 i 450 001 CFI0566281 005 20251003044144.0 020 $aIT$b2004-16 100 $a20221206d2003 ||||0itac50 ba 101 | $aita 102 $ait 181 1$6z01$ai $bxxxe 182 1$6z01$an 183 1$6z01$anc$2RDAcarrier 200 1 $aFonti sulla storia del Molise durante il regime fascista conservate presso l'Archivio centrale dello stato$fElisa Bizzarri 210 $aCampobasso$cUniversità degli studi del Molise$d°2003! 215 $a175 p.$d30 cm. 225 | $aQuaderni$fCentro di cultura del Molise, Università degli studi del Molise$v8 410 0$1001CFI0493135$12001 $aQuaderni$fCentro di cultura del Molise, Università degli studi del Molise$v8$171202$aCentro di cultura del Molise$3CFIV185642 606 $aArchivio centrale dello Stato$xInventari$2FIR$3CFIC024371$9I 606 $aMolise$x1922-1944$xFonti archivistiche$2FIR$3CFIC143123$9I 676 $a016.945719$9BIBLIOGRAFIE E CATALOGHI DI STORIA DEL MOLISE$v23 696 $aInventari 699 $aInventari$yInventari 700 1$aBizzarri$b, Elisa$3CFIV095437$4070$0156554 801 3$aIT$bIT-000000$c20221206 850 $aIT-BN0095 901 $bNAP 01$cPOZZO LIB.$nVi sono collocati fondi di economia, periodici di ingegneria e scienze, periodici di economia e statistica e altri fondi comprendenti documenti di economia pervenuti in dono. 912 $aCFI0566281 950 0$aBiblioteca Centralizzata di Ateneo$c1 v.$d 01POZZO LIB.DONI DEMM 210$e 01 0000089795E VMA 1 v.$fB $h20221206$i20221206 977 $a 01 996 $aFonti sulla storia del Molise durante il regime fascista conservate presso l'archivio centrale dello Stato$9668907 997 $aUNISANNIO